Statistics for Name That Song - In 4 Lyrics

Click here to take the quiz!

General Stats

  • This quiz has been taken 78 times
  • The average score is 7 of 15

Answer Stats

HintAnswer% Correct
But here's my number...Call Me Maybe
80%
Just a city boy...Don't Stop Believin'
80%
Annie, are you okay?Smooth Criminal
70%
Almost Heaven, West VirginiaTake Me Home, Country Roads
66%
And no religion too.Imagine
49%
You are my fire...I Want it That Way
49%
...like a Polaroid picture!Hey Ya!
48%
Snap back to reality...Lose Yourself
48%
I like big butts...Baby Got Back
46%
Exit light. Enter night.Enter Sandman
44%
I'm hot, sticky sweet...Pour Some Sugar on Me
30%
...don't tell my heart...Achy Breaky Heart
25%
...a mosquito, my libidoSmells Like Teen Spirit
25%
Oh no, not I,I Will Survive
21%
Bound by wild desire...Ring of Fire
7%

Score Distribution

Percentile by Number Answered

Percent of People with Each Score

Your Score History

You have not taken this quiz